Panorama do teatro moderno (Registo nº 202815)

Detalhes MARC
000 -Etiqueta do registo
Valores 00494nam 22001693 4500
100 ## - Dados gerais de processamento
Dados gerais 20260630d u||y0pory50 ba
200 ## - Titulo e menção de responsabilidade
Título próprio Panorama do teatro moderno
Primeira menção de responsabilidade Redondo Júnior
210 ## - Publicação
Local de publicação Lisboa
Nome do editor Arcádia
Data de publicação 1961
215 ## - Descrição física 
Paginação / Volumes 319 p.
Outras indicações físicas encadernado
Dimensões 22 cm
606 ## - Nome comum usado como assunto
ID Autoridade 1790
Palavra de ordem Teatro. Representação teatral
675 ## - CDU
Notação 792.03
Edição PT
Língua por
700 ## - Autor principal (pessoa individual)
ID Autoridade 17670
Apelido Júnior
Nome Redondo
Datas 1914-1991
801 ## - Fonte de origem
País PT
Agência BMMN
Regras de catalogação RPC
830 ## - Notas gerais do catalogador
Criado por Ana Falardo
Indexado por Ana Falardo
990 ## - Elementos KOHA
Tipo de documento Livro
Exemplares
Situação do levantamento Biblioteca de origem Código de barras Cota Permissão de empréstimo Tipo de documento Nota relativa ao exemplar Forma de aquisição
  Biblioteca Municipal de Montemor-o-Novo 32335 792.03 JUN|SAF   Livro Acesso condicionado Oferta

Powered by Koha